00423nam a22001337a 4500003000500000038001800005082000800023100002000031245009300051264003500144650002100179700003200200856005700232NUST aNusrat Nadeem a200 aJawwad, Wajiha  aLeveraging Large Language Models for Generating Legal Case Annotations/c Wajiha Jawwad, aIslamabad:bSEECS NUST.c2025. aMS-Data Science  aSupervisor: Dr. Rabia Irfan uhttp://10.250.8.41:8080/xmlui/handle/123456789/55822